书目信息 |
| 题名: |
瑰丽的寻宝之旅
|
|
| 作者: | 谢天雨 主编 | |
| 分册: | ||
| 出版信息: | 北京 中国言实出版社 2004 |
|
| 页数: | 279页 | |
| 开本: | 21cm | |
| 丛书名: | 科学探索大博览 | |
| 单 册: | ||
| 中图分类: | N81-49 | |
| 科图分类: | ||
| 主题词: | 探险--世界--普及读物 , 探险 | |
| 电子资源: | ||
| ISBN: | 7-80128-561-1 | |
| 000 | 00792oam2 2200265 450 | |
| 001 | 012005200058 | |
| 005 | 20070116164500.50 | |
| 010 | @a7-80128-561-1@dCNY432.00(全18册) | |
| 092 | @aCN@b93429 | |
| 100 | @a20051212d2004 em y0chiy0110 ea | |
| 101 | 0 | @achi |
| 102 | @aCN@b110000 | |
| 105 | @ay z 000yy | |
| 200 | 1 | @a瑰丽的寻宝之旅@9gui li de xun bao zhi lu^@f谢天雨主编 |
| 210 | @a北京@c中国言实出版社@d2004 | |
| 215 | @a279页@d21cm | |
| 225 | 2 | @a科学探索大博览 |
| 330 | @a本书包括:印度古钱币失踪之谜、万园之园宝藏之谜、神秘的化石宝藏、神秘的汉朝亡灵等。 | |
| 461 | 0 | @12001 @a科学探索大博览 |
| 606 | 0 | @a探险@y世界@j普及读物 |
| 606 | 0 | @a探险 |
| 690 | @aN81-49@v4 | |
| 701 | 0 | @a谢天雨@9xie tian yu@4主编 |
| 801 | 0 | @aCN@bLZJBOOK@c20070116 |
| 905 | @a10447@dN81-49@e9 | |
| 瑰丽的寻宝之旅/谢天雨主编.-北京:中国言实出版社,2004 |
| 279页;21cm.-(科学探索大博览) |
| ISBN 7-80128-561-1:CNY432.00(全18册) |
| 本书包括:印度古钱币失踪之谜、万园之园宝藏之谜、神秘的化石宝藏、神秘的汉朝亡灵等。 |
| ● |
| 相关链接 |
|
|
|
|
正题名:瑰丽的寻宝之旅
索取号:N81-49/9
 
预约/预借
| 序号 | 登录号 | 条形码 | 馆藏地/架位号 | 状态 | 备注 |
| 1 | 0555169 | 205551696 | 第二样本阅览室/ [索取号:N81-49/9] | 在馆 | |
| 2 | 0555170 | 205551703 | 第三借阅区/ [索取号:N81-49/9] | 在馆 | |
| 3 | 0555171 | 205551712 | 第三借阅区/ [索取号:N81-49/9] | 在馆 | |
| 4 | 0555172 | 205551721 | 第三借阅区/ [索取号:N81-49/9] | 在馆 | |
| 5 | 0555173 | 205551730 | 第三借阅区/ [索取号:N81-49/9] | 在馆 | |
| 6 | 0555174 | 205551749 | 第三借阅区/ [索取号:N81-49/9] | 在馆 | |
| 7 | 0555175 | 205551758 | 第三借阅区/ [索取号:N81-49/9] | 在馆 | |
| 8 | 0555176 | 205551767 | 第三借阅区/ [索取号:N81-49/9] | 在馆 |